Artilheiros por Edição de Copas do Mundo FIFA - Statistics

Estatísticas Gerais
  • Esse quiz foi jogado 130 vezes
    89 desde o último reset
  • A pontuação média é 15 de 31
Estatísticas das Respostas
Ano Jogador País Gols % Correto
2022 Kylian Mbappé França 8
96%
2018 Harry Kane Inglaterra 6
93%
2002 Ronaldo Brasil 8
93%
2014 James Rodriguez Colômbia 6
90%
1970 Gerd Muller Alemanha 10
88%
2010 Thomas Muller Alemanha 5
88%
2006 Miroslav Klose Alemanha 5
86%
2010 David Villa Espanha 5
83%
2010 Diego Forlan Uruguai 5
83%
1962 Garrincha Brasil 4
75%
1966 Eusebio Portugal 9
65%
2010 Wesley Sneijder Holanda 5
65%
1938 Leonidas da Silva Brasil 7
51%
1958 Just Fontaine França 13
50%
1998 Davor Suker Croácia 6
44%
1994 Hristo Stoichkov Bulgária 6
43%
1982 Paolo Rossi Itália 6
43%
1978 Mario Kempes Argentina 6
36%
1962 Vavá Brasil 4
32%
1950 Ademir de Menezes Brasil 9
28%
1986 Gary Lineker Inglaterra 6
26%
1954 Sandor Kocsis Hungria 11
18%
1974 Grzegorz Lato Polônia 7
17%
1994 Oleg Salenko Rússia 6
17%
1990 Salvatore Schillaci Itália 6
14%
1930 Guilhermo Stabile Argentina 8
10%
1934 Oldrich Nejedly Tchecoslováquia 5
10%
1962 Drazan Jerkovic Iugoslávia 4
6%
1962 Florian Albert Hungria 4
6%
1962 Leonel Sanchez Chile 4
6%
1962 Valentin Ivanov União Soviética 4
6%
Nenhum quiz correspondente encontrado
Distribuição das Pontuações
Porcentagem de Pessoas com Cada Pontuação
Percentil de Números Respondidos
Sua Pontuação Histórica
Você não jogou esse quiz desde o último reset